1319 1186 1439 1930 1855 1906 1681 1349 1528 1717 1079 1090 1811 1253 1048 1273 1904 1732 1928 1331 1029 1864 1806 1872 1619 1153 1464 1958 1240 1930 1750 1657 1662 1997 1050 1372 1565 1791 1448 1704 1251 1764 1101 1990 1933 1631 1121 1336 1677 1373 1660 1808 1981 1596 1261 1494 1157 1227 1980 1600 1134 1595 1519 1038 1263 1923 1156 1149 1328 1564 1045 1102 1317 1461 1546 1209 1292 1937 1736 1006 1387 1923 1660 1680 1818 1578 1303 1065 1009 1917 1588 1235 1931 1691 1147 1665 1628 1077 1660 BCNSPRNW ULIB Ver.6.0+V

เปลี่ยนเป็นภาษาไทย

Change to English
 แสดงรายละเอียดบรรณานุกรม
  กลับหน้าหลัก

Brief Record : Get Marc (ISO 2709) : E-mail record : QR code < ปิดหน้าต่าง
LEADER : 00000nam 2200000uu 4500
001    13399112268
003     ULIB
008    110204s2536||||th 000 0 tha d
020    97486026
060 04 WG220^bต64 2536
100 0  สมชาติ โลหะจายะ
245 10 ตำราโรคหัวใจและหลอดเลือด /^cสมชาติ โลหะจายะ
250    พิมพ์ครั้งที่ 2
260    กรุงเทพฯ :^bสมาคมแพทย์โรคหัวใจแห่งประเทศไทย,^c2536
300    1157 หน้า :^bภาพประกอบ
650  7 หัวใจร่วมหลอดเลือด, โรค^xการพยาบาล
650  7 หลอดเลือด, โรค^xการพยาบาล
650  7 หัวใจ, โรค^xการพยาบาล
945    ^p0^l0^i009125
995    ทศพร
999 ^a ใช้งานได้ทุกระบบ
รายการนี้ยังไม่มีแท็ก
คุณยังไม่ได้ล็อกอิน คุณสามารถมีกิจกรรมร่วมกับเว็บไซต์ได้ แต่ต้องล็อกอินก่อน ::
  ล็อกอิน

รายการสื่อสารสนเทศ

ลำดับที่ ประเภท เลขเรียก/บาร์โค้ด สถานที่ สถานะ
- ไม่พบข้อมูล -

BibComment


ยังไม่เคยถูกคอมเมนท์

คอมเมนท์ทรัพยากรรายการนี้
  คอมเมนท์: ตำราโรคหัวใจและหล..


 Copyright 2026. Bcnsprnw @Library